Szczegóły MARC21

Funkcjonowanie nowoczesnej poczty - tendencje i rozwiązania światowew teorii i praktyce : I Seminarium Poczty Polskiej, Szczecin 4-5 czerwca 1993 : nauka i praktyka /

005 -DATA I CZAS OSTATNIEJ MODYFIKACJI [,]
    • @
    • pole kontrolne
    • 20070315155141.9
020 -Międzynarod. znormalizowany nr książki - ISBN [ , ]
    • a
    • Numer ISBN
    • 8390561344 Find
040 -Instytucja sporządzająca opis [ , ]
    • a
    • Instytucja, która sporządziła opis (NP)
    • SZCZ U
    • c
    • Instytucja, która sporządziła rekord (NP)
    • SZCZ U
041 -Język dokumentu [0, ]
    • a
    • Język tekstu (P)
    • polski
    • h
    • Język tekstu oryginalnego i/lub pośredniego (P)
    • polski
942 -Rodzaj dokumentu [ , ]
    • c
    • Rodzaj dokumentu
    • Książka
245 -Strefa tytułu i oznaczenia odpowiedzialności [0, ]
    • a
    • Tytuł
    • Funkcjonowanie nowoczesnej poczty - tendencje i rozwiązania światowew teorii i praktyce : Find
    • b
    • Ciąg dalszy tytułu (NP)
    • I Seminarium Poczty Polskiej, Szczecin 4-5 czerwca 1993 : nauka i praktyka / Find
    • c
    • Pozostałe elementy strefy tytułu i oznaczenia odpowiedzialności (NP)
    • Centralny Zarząd Poczty Polskiej, Uniwersytet Szczeciński, Dyrekcja Okręgu Poczty w Szczecinie.
250 -Strefa wydania [ , ]
    • a
    • Oznaczenie wydania (NP)
    • [Wyd.2 popr.].
260 -Strefa adresu wydawniczego [ , ]
    • a
    • Miejsce wydania (P)
    • Szczecin :
    • b
    • Nazwa wydawcy (P)
    • Poczta Polska,
    • c
    • Data wydania (P)
    • 2000.
300 -Strefa opisu fizycznego [ , ]
    • a
    • Określenie formy książki i/lub objętość (NP)
    • 275 s. :
    • b
    • Oznaczenie ilustracji (NP)
    • wykr. :
    • c
    • Format (NP)
    • 24 cm.
080 -Uniwersalna Klasyfikacja Dziesiętna [ , ]
    • a
    • Symbol klasyfikacji
    • 656.8(438:100)(061)
080 -Uniwersalna Klasyfikacja Dziesiętna [ , ]
    • a
    • Symbol klasyfikacji
    • :338.47::656.8(438:100)(061)
080 -Uniwersalna Klasyfikacja Dziesiętna [ , ]
    • a
    • Symbol klasyfikacji
    • :351.816(438:100)(061)
980 -Symbol UKD [ , ]
    • a
    • UKD
    • 656.8:338.47::656.8:351.816](438:100)(061)
920 -ISBN [ , ]
    • a
    • ISBN
    • 83-905613-4-4 Find
Sygnatura Numer inwentarzowy Status udost. Lokalizacja Data inwentaryzacji
Z.101232Z.1012321BG2003-12-10
 T.5347-3T2001-05-11
T.5346T.5346-3T2001-05-11
 T.5345-6T2001-05-11
 T.5348-3T2001-05-11
 T.5349-3T2001-05-11
 T.5350-6T2001-05-11
 T.5351-6T2001-05-11
 T.5352-6T2001-05-11
 T.5353-6T2001-05-11
 T.5354-6T2001-05-11
 T.5355-6T2001-05-11
 T.5356-6T2001-05-11
 T.5357-6T2001-05-11
 T.5358-6T2001-05-11
 T.5359-6T2001-05-11
 T.5360-6T2001-05-11
 T.5361-6T2001-05-11
 T.5362-6T2001-05-11
 T.5363-6T2001-05-11
 T.5364-6T2001-05-11
T.6140T.6140-2T2002-01-09